| 000 | 00769nam a2200193 a 4500 | ||
|---|---|---|---|
| 008 | 120416s1973 ||||||||||||||||| || u | ||
| 020 | _a0713124164 | ||
| 050 | _aQK 901 Ker | ||
| 100 | _aKershaw, Kenneth A. (Kenneth Andrew), 1930- | ||
| 245 | 1 | 0 | _aQuantitative and dynamic plant ecology |
| 250 | _a2nd ed. | ||
| 260 |
_aLondon _bEdward Arnold _c1973 |
||
| 300 | _ax, 308 p., [2] leaves. illus., map. | ||
| 350 | _a0.00 | ||
| 500 | _aFirst ed. published in 1964 under title: Quantitative and dynamic ecology. -Includes index. -Bibliography: p. [286]-297. | ||
| 650 | _aPLANTS | ||
| 650 | 0 | _aPLANT ECOLOGY | |
| 995 |
_D0.00 _FCBU-MAIN LIBRARY (Kitwe) _H1 _I3.00 _M1 _UAVAILABLE _ZMain Library Open Access Collection |
||
| 999 |
_c55435 _d55435 |
||